书目信息 |
| 题名: |
大学物理实验
|
|
| 作者: | 王永祥 , 耿志刚 主编 | |
| 分册: | ||
| 出版信息: | 北京 高等教育出版社 2016 |
|
| 页数: | 334页 | |
| 开本: | 26cm | |
| 丛书名: | 高等学校物理实验教学示范中心精品系列教材 | |
| 单 册: | ||
| 中图分类: | O4-33 | |
| 科图分类: | ||
| 主题词: | 物理学--wu li xue--实验--高等学校--教材 | |
| 电子资源: | ||
| ISBN: | 978-7-04-046313-2 | |
| 000 | 01342nam 2200301 450 | |
| 001 | 012001002106 | |
| 005 | 20131109170914.0 | |
| 010 | @a978-7-04-046313-2@dCNY38.00 | |
| 099 | @aCAL 012016162067 | |
| 100 | @a20161216d2016 em y0chiy50 ea | |
| 101 | 0 | @achi |
| 102 | @aCN@b110000 | |
| 105 | @aak a 000yy | |
| 106 | @ar | |
| 200 | 1 | @a大学物理实验@Ada xue wu li shi yan@f主编王永祥, 耿志刚 |
| 210 | @a北京@c高等教育出版社@d2016 | |
| 215 | @a334页@c图@d26cm | |
| 225 | 2 | @a高等学校物理实验教学示范中心精品系列教材@Agao deng xue xiao wu li shi yan jiao xue shi fan zhong xin jing pin xi lie jiao cai |
| 320 | @a有书目 (第334页) | |
| 330 | @a本书分六章,共计63个实验。实验包括基础性实验、基本实验、综合实验、近代物理实验。基础性实验的目的在于用一些最基本的实验,训练基本的实验方法,以深刻理解一些基本概念和规律。基本实验的目的在于让学生获得科学实验的基本技能和经验。综合实验是一些多个理论和实验技术相结合的实验,旨在将所学知识普遍联系起来,体现创新和综合素质的训练。 | |
| 333 | @a本书可作为高等学校大学物理实验课程的教材。 | |
| 410 | 0 | @12001 @a高等学校物理实验教学示范中心精品系列教材 |
| 606 | 0 | @a物理学@Awu li xue@x实验@x高等学校@j教材 |
| 690 | @aO4-33@v4 | |
| 701 | 0 | @a王永祥@Awang yong xiang@4主编 |
| 701 | 0 | @a耿志刚@Ageng zhi gang@4主编 |
| 801 | 0 | @aCN@b北京卓展@c20191020 |
| 905 | @b1199612-5@dO4-33@e1033@f4 | |
| 大学物理实验/主编王永祥, 耿志刚.-北京:高等教育出版社,2016 |
| 334页:图;26cm.-(高等学校物理实验教学示范中心精品系列教材) |
| 使用对象:本书可作为高等学校大学物理实验课程的教材。 |
| ISBN 978-7-04-046313-2:CNY38.00 |
| 本书分六章,共计63个实验。实验包括基础性实验、基本实验、综合实验、近代物理实验。基础性实验的目的在于用一些最基本的实验,训练基本的实验方法,以深刻理解一些基本概念和规律。基本实验的目的在于让学生获得科学实验的基本技能和经验。综合实验是一些多个理论和实验技术相结合的实验,旨在将所学知识普遍联系起来,体现创新和综合素质的训练。 |
| ● |
| 相关链接 |
|
|
|
|
正题名:大学物理实验
索取号:O4-33/1033
 
预约/预借
| 序号 | 登录号 | 条形码 | 馆藏地/架位号 | 状态 | 备注 |
| 1 | 1199612 | 211996125 | 第二样本阅览室/ [索取号:O4-33/1033] | 在馆 | |
| 2 | 1199613 | 211996134 | 第三借阅区/ [索取号:O4-33/1033] | 在馆 | |
| 3 | 1199614 | 211996143 | 第三借阅区/ [索取号:O4-33/1033] | 在馆 | |
| 4 | 1199615 | 211996152 | 第三借阅区/ [索取号:O4-33/1033] | 在馆 |